| 000 | 00986nam a22002897a 4500 | ||
|---|---|---|---|
| 001 | 7506 | ||
| 003 | FISKH | ||
| 005 | 20251219081017.0 | ||
| 008 | 250722b cb ||||| |||| 00| 0 eng d | ||
| 020 | _a9780859531320 | ||
| 040 |
_aFISKH _beng _cFISKH _dFISKH |
||
| 050 | _a PZ8.3 .D75345 | ||
| 082 | _a398.8 | ||
| 100 | _aStockham, Jess | ||
| 245 |
_aDown by the station / _cIllustrated by Jess Stockham |
||
| 260 |
_aSwindon : _bChild's Play , _c2002. |
||
| 300 |
_a16 unnumbered pages : _bcolor illustrations ; _c20 X20 cm . |
||
| 490 | _aClassic Books with Holes | ||
| 505 | _aG | ||
| 520 | _aThis illustrated version of the traditional song describes many noisy vehicles that can be seen early in the morning down by the station. Features die-cut pages. | ||
| 521 | 8 |
_a350
_bLexile estimate |
|
| 521 | 8 |
_aG
_bRaz-Plus |
|
| 650 |
_aTransportation _vJuvenile Literature |
||
| 650 |
_aTrains _vJuvenile Literature |
||
| 942 |
_2ddc _cBK _n0 |
||
| 999 |
_c7506 _d7506 |
||